Countries That Do Not Recognize Israel - Statistics

General Stats
  • This quiz has been taken 47 times
  • The average score is 24 of 28
Answer Stats
Country % Correct
Yemen
100%
Afghanistan
97%
Iran
97%
Oman
97%
Saudi Arabia
97%
Syria
97%
Algeria
95%
Iraq
95%
Lebanon
95%
Qatar
95%
Libya
92%
Kuwait
89%
Pakistan
89%
Tunisia
86%
Malaysia
84%
Mauritania
84%
North Korea
84%
Indonesia
81%
Djibouti
78%
Mali
78%
Niger
76%
Somalia
76%
Brunei
70%
Bangladesh
68%
Cuba
68%
Maldives
68%
Comoros
59%
Venezuela
59%
No matching quizzes found
Score Distribution
Percent of People with Each Score
Percentile by Number Answered
Your Score History
You have not taken this quiz